Pretty Little Liars Episodes - Statistics

General Stats
  • This quiz has been taken 320 times
    94 since last reset
  • The average score is 36 of 164
Answer Stats
Hint Answer % Correct
S01E01 Pilot
88%
S01E02 The Jenna Thing
48%
S02E25 UnmAsked
47%
S05E25 Welcome to the Dollhouse
43%
S06E01 Game On, Charles
40%
S01E09 The Perfect Storm
40%
S04E01 'A' is for A-l-i-v-e
38%
S01E06 There's No Place Like Homecoming
38%
S01E07 The Homecoming Hangover
36%
S03E12 The Lady Killer
36%
S07E20 Till Death Do Us PArt
36%
S01E03 To Kill a Mocking Girl
34%
S06E10 Game Over, Charles
33%
S02E01 It's Alive
33%
S03E13 This is a Dark Ride
33%
S04E24 'A' is for Answers
31%
S05E05 Miss Me x 100
31%
S03E15 Mona-Mania
31%
S02E13 The First Secret
31%
S02E12 Over My Dead Body
29%
S04E19 Shadow Play
29%
S03E14 She's Better Now
29%
S03E24 A DAngerous GAme
28%
S03E04 Birds of a Feather
28%
S01E15 If at First You Don't Succeed, Lie, Lie Again
28%
S03E23 I'm Your Puppet
28%
S03E17 Out of the Frying Pan, Into the Inferno
28%
S01E05 Reality Bites Me
28%
S03E09 The Kahn Game
28%
S07E01 Tick-Tock, Bitches
28%
S03E22 Will the Circle Be Unbroken?
28%
S01E04 Can You Hear Me Now?
26%
S03E07 Crazy
26%
S02E20 CTRL:A
26%
S01E22 For Whom the Bell Tolls
26%
S04E20 Free Fall
26%
S04E13 Grave New World
26%
S04E18 Hot for Teacher
26%
S02E24 If These Dolls Could Talk
26%
S03E01 It Happened 'That Night'
26%
S04E12 Now You See Me, Now You Don't
26%
S05E06 Run, Ali, Run
26%
S02E02 The Goodbye Look
26%
S02E17 Blond Leading the Blind
24%
S03E18 Dead to Me
24%
S05E01 EscApe from New York
24%
S03E20 Hot Water
24%
S05E13 How the 'A' Stole Christmas
24%
S03E03 Kingdom of the Blind
24%
S04E15 Love ShAck, Baby
24%
S01E11 Moments Later
24%
S05E16 Over a Barrel
24%
S03E08 Stolen Kisses
24%
S01E18 The Badass Seed
24%
S01E17 The New Normal
24%
S03E06 The Remains of the 'A'
24%
S02E10 Touched by an A-ngel
24%
S04E23 Unbridled
24%
Special A Liars Guide to Rosewood
22%
S01E19 A Person of Interest
22%
S03E02 Blood is the New Black
22%
S04E16 Close Encounters
22%
S07E08 Exes and OMGs
22%
S04E04 Face Time
22%
S04E05 Gamma Zeta Die!
22%
S02E11 I Must Confess
22%
S01E10 Keep Your Friends Close
22%
S03E16 Misery Loves Company
22%
S02E06 Never Letting Go
22%
S05E11 No One Here Can Love or Understand Me
22%
S04E21 She's Come Undone
22%
S03E11 Single Fright Female
22%
S02E07 Surface Tension
22%
S05E12 Taking This One to the Grave
22%
S04E06 Under the Gun
22%
S02E04 Blind Dates
21%
S01E14 Careful What U Wish 4
21%
S02E23 Eye of the Beholder
21%
S02E22 Father Knows Best
21%
S06E20 Hush, Hush, Sweet Liars
21%
S01E16 Je Suis Une Amie
21%
S06E09 Last Dance
21%
S02E16 Let the Water Hold Me Down
21%
S01E21 Monsters in the End
21%
S07E07 Original G'A'ngsters
21%
S03E21 Out of Sight, Out of Mind
21%
S01E08 Please, Do Talk About Me When I'm Gone
21%
S01E12 Salt Meets Wound
21%
S06E02 Songs of Innocence
21%
S05E03 Surfing the Aftershocks
21%
S03E05 That Girl Is Poison
21%
S05E17 The Bin of Sin
21%
S04E08 The Guilty Girl's Handbook
21%
S02E19 The Naked Truth
21%
S03E19 What Becomes of the Broken-Hearted
21%
S05E02 Whirly Girly
21%
S04E14 Who's in the Box?
21%
S02E18 A Kiss Before Lying
19%
S04E17 Bite Your Tongue
19%
S04E11 Bring Down the Hoe
19%
S04E03 Cat's Cradle
19%
S04E22 Cover for Me
19%
S07E19 Farewell, My Lovely
19%
S06E08 FrAmed
19%
S05E24 I'm a Good Girl, I Am
19%
S07E15 In the Eye Abides the Heart
19%
S02E03 My Name Is Trouble
19%
S05E19 Out, Damned Spot
19%
S07E11 Playtime
19%
S07E10 The DArkest Knight
19%
S02E05 The Devil You Know
19%
S05E07 The Silence of E. Lamb
19%
S07E03 The Talented Mr. Rollins
19%
S07E09 The Wrath of Kahn
19%
S05E14 Through a Glass, Darkly
19%
S04E02 Turn of the Shoe
19%
S05E10 A Dark Ali
17%
S02E15 A Hot Piece of 'A'
17%
S07E02 Bedlam
17%
S06E18 Burn This
17%
S06E12 Charlotte's Web
17%
S07E18 Choose or Lose
17%
S07E17 Driving Miss Crazy
17%
S06E06 No Stone Unturned
17%
S06E07 O Brother, Where Art Thou?
17%
S06E11 Of Late I Think of Rosewood
17%
S02E09 Picture This
17%
S02E08 Save the Date
17%
S01E20 Someone to Watch Over Me
17%
S06E03 Songs of Experience
17%
S06E13 The Gloves Are On
17%
S05E04 Thrown from the Ride
17%
S03E10 What Lies Beneath
17%
S02E21 Breaking the Code
16%
S04E07 Crash and Burn, Girl!
16%
S06E19 Did You Miss Me?
16%
S07E04 Hit and Run, Run, Run
16%
S04E09 Into the Deep
16%
S05E18 Oh, What Hard Luck Stories They All Hand Me
16%
S04E10 The Mirror Has Three Faces
16%
S02E14 Through Many Dangers, Toils and Snares
16%
S05E22 To Plea or Not to Plea
16%
S07E05 Along Comes Mary
14%
S01E13 Know Your Frenemies
14%
S05E09 March of Crimes
14%
S05E08 Scream for Me
14%
S05E23 The Melody Lingers On
14%
S07E12 These Boots Were Made for Stalking
14%
S05E21 Bloody Hell
12%
S05E15 Fresh Meat
12%
S07E14 Power Play
12%
S05E20 Pretty Isn't the Point
12%
S06E05 She's No Angel
12%
S07E16 The Glove That Rocks the Cradle
12%
S07E06 Wanted: Dead or Alive
12%
Special 5 Years Forward
10%
S06E15 Do Not Disturb
10%
S06E14 New Guys, New Lies
10%
S06E17 We've All Got Baggage
10%
S06E16 Where Somebody Waits For Me
10%
S06E04 Don't Look Now
9%
S07E13 Hold Your Piece
7%
Special We Love You to DeAth
7%
Special A-List Wrap Party
5%
No matching quizzes found
Score Distribution
Percent of People with Each Score
Percentile by Number Answered
Your Score History
You have not taken this quiz since the last reset